[Event "SV Letmathe 1 - LSV Turm Lippstadt 1"]
[Site "NRW-Klasse, Gruppe 1 2014/201"]
[Date "2014.11.16"]
[Round "3.3"]
[White "Schroeder, Kevin"]
[Black "Soukup, Jiri"]
[Result "0-1"]
[WhiteElo "2219"]
[BlackElo "2315"]
[PlyCount "166"]
[EventDate "2014.??.??"]
[WhiteTeam "LSV Turm Lippstadt 1"]
[BlackTeam "SV Letmathe 1"]

1. e4 c5 2. Nc3 e6 3. Nf3 d5 4. Bb5+ Nc6 5. exd5 exd5 6. Ne5 Nge7 7. O-O Be6 8.
d4 a6 9. Bxc6+ Nxc6 10. Nxc6 bxc6 11. Na4 c4 12. Re1 Bd6 13. Nc5 Qf6 14. Qg4
Bxc5 15. dxc5 O-O 16. Qg3 d4 17. Bf4 d3 18. cxd3 cxd3 19. b3 Bf5 20. Be5 Qg6
21. Qxg6 Bxg6 22. f4 Bh5 23. Bc3 Be2 24. Kf2 Rfe8 25. Rac1 f6 26. Bd2 Rad8 27.
Rc4 Rd5 28. h3 h5 29. Rec1 h4 30. Ra4 Ra8 31. Ra5 g5 32. Ra4 Rf5 33. Re4 Rd8
34. Rcc4 Kf7 35. Ke1 gxf4 36. Rxf4 Rg5 37. Rf2 Re5 38. Rcf4 Bh5+ 39. Kf1 Rxc5
40. Rxf6+ Kg7 41. R2f5 Rxf5+ 42. Rxf5 Bg6 43. Bc3+ Kg8 44. Rf2 Re8 45. Kg1 Re3
46. Bd2 Re5 47. Bf4 Re1+ 48. Kh2 Be4 49. Bg5 Rd1 50. Bxh4 a5 51. Bg5 a4 52. Bd2
Rb1 53. Rf4 Bd5 54. Rg4+ Kf7 55. Rxa4 Rb2 56. Rf4+ Ke6 57. Rf2 c5 58. h4 Rxa2
59. h5 Bxb3 60. h6 Ra7 61. Bc3 Rh7 62. Rf6+ Ke7 63. Rb6 Be6 64. Rb7+ Bd7 65.
Bd2 Kd6 66. Bf4+ Kd5 67. g4 Bf5 68. Rb5 Bxg4 69. Kg3 Bf5 70. Kf2 Ke4 71. Be3 c4
72. Bd2 Rf7 73. Rb8 Kd4 74. Be3+ Kc3 75. Rd8 Bd7+ 76. Ke1 Re7 77. Kf2 d2 78.
Bg5 d1=Q 79. Bxe7 Qd2+ 80. Kf3 Qd3+ 81. Kf2 Qf5+ 82. Kg1 Qg6+ 83. Kh2 Qxh6+ 0-1

[Event "SV Letmathe 1 - LSV Turm Lippstadt 1"]
[Site "NRW-Klasse, Gruppe 1 2014/201"]
[Date "2014.11.16"]
[Round "3.4"]
[White "Haude, Ruediger"]
[Black "Hecht, Carsten"]
[Result "1/2-1/2"]
[WhiteElo "2010"]
[BlackElo "2148"]
[PlyCount "107"]
[EventDate "2014.??.??"]
[WhiteTeam "SV Letmathe 1"]
[BlackTeam "LSV Turm Lippstadt 1"]

1. d4 Nf6 2. Nf3 g6 3. g3 Bg7 4. Bg2 O-O 5. O-O d5 6. b3 c5 7. e3 Nc6 8. Bb2
Ne4 9. c4 dxc4 10. bxc4 Nd6 11. Qe2 Qb6 12. Rc1 Bg4 13. Nc3 cxd4 14. Nd5 Qd8
15. exd4 Nf5 16. Qe4 Bxf3 17. Bxf3 e6 18. Nf4 Nfxd4 19. Rab1 Nxf3+ 20. Qxf3
Bxb2 21. Rxb2 Qf6 22. Rxb7 e5 23. Qc3 Nd4 24. Nd5 Qa6 25. Rb2 Rad8 26. Qe3 Qd6
27. Kg2 Rfe8 28. Rb7 Qc6 29. Rc7 Qa8 30. f3 Re6 31. Rb1 Rxd5 32. cxd5 Qxd5 33.
Qf2 Ra6 34. Rcb7 Rxa2 35. R7b2 Ra3 36. Qd2 Qxf3+ 37. Kg1 Re3 38. Re1 Rxe1+ 39.
Qxe1 Qd5 40. Qe3 Nf3+ 41. Kf1 e4 42. Kg2 Ne5 43. Re2 f5 44. Rb2 Ng4 45. Qxa7
e3+ 46. Kh3 Nf2+ 47. Rxf2 exf2 48. Qxf2 Kg7 49. Qe3 Qe4 50. Qc3+ Kh6 51. Qh8
Qf3 52. Qf6 Qe2 53. Qd8 Qf3 54. Qg5+ 1/2-1/2

[Event "SV Letmathe 1 - LSV Turm Lippstadt 1"]
[Site "NRW-Klasse, Gruppe 1 2014/201"]
[Date "2014.11.16"]
[Round "3.5"]
[White "Grobbel, Rainer"]
[Black "Hunold, Rolf"]
[Result "1-0"]
[WhiteElo "2120"]
[BlackElo "1954"]
[PlyCount "69"]
[EventDate "2014.??.??"]
[WhiteTeam "LSV Turm Lippstadt 1"]
[BlackTeam "SV Letmathe 1"]

1. d4 Nf6 2. c4 e6 3. Nf3 Bb4+ 4. Bd2 a5 5. Nc3 O-O 6. Qc2 b6 7. e4 d6 8. Bd3
h6 9. O-O Bb7 10. Rfe1 Nfd7 11. a3 Bxc3 12. Bxc3 Re8 13. b4 axb4 14. axb4 e5
15. Rxa8 Bxa8 16. d5 Bb7 17. Ra1 Qe7 18. Ra7 Bc8 19. Rxc7 f5 20. Nd2 f4 21. Nb3
Qd8 22. Ra7 Nf6 23. f3 Nbd7 24. Be1 g5 25. Bf2 Re7 26. c5 bxc5 27. bxc5 Nxc5
28. Rxe7 Qxe7 29. Nxc5 dxc5 30. Bxc5 Qc7 31. Bb4 Qa7+ 32. Qc5 Qa1+ 33. Bf1 Qd4+
34. Qxd4 exd4 35. Bc5 1-0

[Event "SV Letmathe 1 - LSV Turm Lippstadt 1"]
[Site "NRW-Klasse, Gruppe 1 2014/201"]
[Date "2014.11.16"]
[Round "3.6"]
[White "Pieczka, Reiner"]
[Black "Roemhild, Marcus"]
[Result "1/2-1/2"]
[WhiteElo "1950"]
[BlackElo "2049"]
[PlyCount "66"]
[EventDate "2014.??.??"]
[WhiteTeam "SV Letmathe 1"]
[BlackTeam "LSV Turm Lippstadt 1"]

1. d4 Nf6 2. e3 g6 3. Nf3 Bg7 4. Be2 c5 5. O-O b6 6. c4 cxd4 7. exd4 O-O 8. d5
Bb7 9. Nc3 d6 10. Bf4 Nbd7 11. Re1 Rc8 12. Rc1 Re8 13. b4 Ng4 14. Nb5 a6 15.
Nbd4 Nge5 16. Qb3 Rc7 17. a4 Qa8 18. Rc2 b5 19. axb5 Nxf3+ 20. Nxf3 axb5 21.
Ra2 Qc8 22. c5 Nf6 23. c6 Ba6 24. Be3 e6 25. Bb6 Nxd5 26. Bxc7 Nxc7 27. Bd3 Qd8
28. Qa3 d5 29. Qa5 Qd6 30. Qb6 Rc8 31. Rc1 Qf4 32. Rb1 Qd6 33. Rc1 Qf4 1/2-1/2

[Event "SV Letmathe 1 - LSV Turm Lippstadt 1"]
[Site "NRW-Klasse, Gruppe 1 2014/201"]
[Date "2014.11.16"]
[Round "3.7"]
[White "Chapman, Alan John"]
[Black "Tomiczny, Darius"]
[Result "1-0"]
[WhiteElo "1998"]
[BlackElo "1934"]
[PlyCount "69"]
[EventDate "2014.??.??"]
[WhiteTeam "LSV Turm Lippstadt 1"]
[BlackTeam "SV Letmathe 1"]

1. d4 f5 2. Bg5 h6 3. Bh4 g5 4. e4 Nf6 5. e5 e6 6. exf6 Qxf6 7. Qh5+ Qf7 8. Be2
Bg7 9. Bg3 f4 10. Qxf7+ Kxf7 11. Bh5+ Ke7 12. Bxf4 gxf4 13. Ne2 Rf8 14. Nd2 Nc6
15. c3 d5 16. O-O e5 17. dxe5 Nxe5 18. g3 Nd3 19. Bg6 Bf5 20. Bxf5 Rxf5 21. g4
Rg5 22. h3 c5 23. Nf3 Rg6 24. Rad1 c4 25. Ne1 Re6 26. Nxd3 Rxe2 27. Nxf4 Rxb2
28. Rfe1+ Kf8 29. Rxd5 Bxc3 30. Rc1 Bd2 31. Rxc4 Re8 32. Rf5+ Kg8 33. Nh5 Bg5
34. Rc7 Kh8 35. Rxg5 1-0

[Event "SV Letmathe 1 - LSV Turm Lippstadt 1"]
[Site "NRW-Klasse, Gruppe 1 2014/201"]
[Date "2014.11.16"]
[Round "3.8"]
[White "Kalnik, Heinrich"]
[Black "Laurenz, Waldemar"]
[Result "0-1"]
[WhiteElo "2003"]
[BlackElo "1979"]
[PlyCount "80"]
[EventDate "2014.??.??"]
[WhiteTeam "SV Letmathe 1"]
[BlackTeam "LSV Turm Lippstadt 1"]

1. e4 c5 2. Nc3 Nc6 3. f4 d6 4. Nf3 Nf6 5. Bb5 Bd7 6. e5 dxe5 7. fxe5 Nd4 8.
Bc4 Ng4 9. O-O Be6 10. Bxe6 Nxe6 11. h3 Nh6 12. d3 g6 13. Ne4 Bg7 14. Be3 Nf5
15. Bf2 b6 16. c3 Bh6 17. g4 Ne3 18. Qa4+ Kf8 19. g5 Nxf1 20. gxh6 Qxd3 21. Qc6
Rd8 22. Rxf1 Qxf3 23. Bg3 Qe3+ 24. Kg2 Kg8 25. Qb7 Ng5 26. Nxg5 Qxg5 27. Rf2
Re8 28. Qd7 Rf8 29. e6 f5 30. h4 Qxh6 31. Be5 Qxh4 32. Rf4 Qg5+ 33. Kf3 h5 34.
Bxh8 Kxh8 35. Qc7 Qf6 36. Qd7 g5 37. Ra4 a5 38. Qc6 Qe5 39. Qxb6 g4+ 40. Kf2
Rb8 0-1

[Event "Oberhausener SV 1 - SV Kamen 1"]
[Site "NRW-Klasse, Gruppe 1 2014/201"]
[Date "2014.11.16"]
[Round "3.1"]
[White "Weidemann, Christian"]
[Black "Hort, Vlastimil"]
[Result "1/2-1/2"]
[WhiteElo "2224"]
[BlackElo "2386"]
[PlyCount "49"]
[EventDate "2014.??.??"]
[WhiteTeam "SV Kamen 1"]
[BlackTeam "Oberhausener SV 1"]

1. e4 e5 2. Nf3 Nc6 3. Bc4 Bc5 4. c3 Nf6 5. d4 exd4 6. cxd4 Bb4+ 7. Bd2 Bxd2+
8. Nbxd2 d5 9. exd5 Nxd5 10. Qb3 Nce7 11. O-O O-O 12. Rfe1 c6 13. Ne4 h6 14.
Ne5 Qb6 15. Nd6 Qxb3 16. Bxb3 Nf5 17. Nxf5 Bxf5 18. Bxd5 cxd5 19. g4 Bc2 20.
Rac1 Rfc8 21. f3 b6 22. Re2 Ba4 23. Ree1 Bc2 24. Re2 Ba4 25. Ree1 1/2-1/2

[Event "Oberhausener SV 1 - SV Kamen 1"]
[Site "NRW-Klasse, Gruppe 1 2014/201"]
[Date "2014.11.16"]
[Round "3.2"]
[White "Becker, Marcel"]
[Black "Kilian, Ralf"]
[Result "1/2-1/2"]
[WhiteElo "2303"]
[BlackElo "2133"]
[Annotator "Hausrath,Daniel"]
[PlyCount "67"]
[EventDate "2014.??.??"]
[WhiteTeam "Oberhausener SV 1"]
[BlackTeam "SV Kamen 1"]

1. d4 e6 2. c4 d5 3. Nc3 c5 4. cxd5 exd5 5. Nf3 Nc6 6. dxc5 d4 7. Na4 Bxc5 8.
Nxc5 Qa5+ 9. Bd2 Qxc5 10. b4 Nxb4 11. Rc1 Qd6 12. e3 Nc6 13. Nxd4 Nxd4 14. Bc3
Ne7 15. Qxd4 Qxd4 16. Bxd4 O-O 17. Bc5 Re8 $11 18. Bb5 Nc6 19. O-O a6 20. Be2
Be6 21. a3 Rac8 22. Bb6 Ne5 23. Bc7 Bc4 24. Bxc4 Rxc7 25. Bd5 Rec8 26. Rb1 b5
27. a4 bxa4 28. Ra1 Nc4 29. Rxa4 Nb6 30. Rd4 Nxd5 31. Rxd5 Ra7 32. Ra5 Kf8 33.
Rfa1 Ke7 34. Kf1 1/2-1/2

[Event "Oberhausener SV 1 - SV Kamen 1"]
[Site "NRW-Klasse, Gruppe 1 2014/201"]
[Date "2014.11.16"]
[Round "3.3"]
[White "Kleinegger, Frank"]
[Black "Kaufeld, Juergen"]
[Result "0-1"]
[WhiteElo "2142"]
[BlackElo "2208"]
[PlyCount "68"]
[EventDate "2014.??.??"]
[WhiteTeam "SV Kamen 1"]
[BlackTeam "Oberhausener SV 1"]

1. e4 c5 2. Nf3 e6 3. d4 cxd4 4. Nxd4 a6 5. Bd3 Nf6 6. O-O Qc7 7. Nc3 d6 8. Qe2
g6 9. Bd2 Bg7 10. Kh1 b5 11. a3 Bb7 12. Nb3 Nbd7 13. f4 O-O 14. Rae1 Rac8 15.
Qf2 Ba8 16. Qh4 d5 17. e5 Ne4 18. Rf3 Nxd2 19. Rh3 h6 20. Nxd2 Nc5 21. Nf3 Qb6
22. g4 d4 23. Ne4 Nxe4 24. Rxe4 Qd8 25. Qg3 Bxe4 26. Bxe4 Qd7 27. Nh4 Rfe8 28.
f5 exf5 29. gxf5 Rxe5 30. Qd3 Rce8 31. Bf3 Re3 32. Qd2 d3 33. fxg6 Qxh3 34.
gxf7+ Kh7 0-1

[Event "Oberhausener SV 1 - SV Kamen 1"]
[Site "NRW-Klasse, Gruppe 1 2014/201"]
[Date "2014.11.16"]
[Round "3.4"]
[White "Litwak, Aleksej"]
[Black "Himmel, Hansjoerg"]
[Result "1-0"]
[WhiteElo "2243"]
[BlackElo "2136"]
[PlyCount "81"]
[EventDate "2014.??.??"]
[WhiteTeam "Oberhausener SV 1"]
[BlackTeam "SV Kamen 1"]

1. e4 c5 2. Nf3 e6 3. d4 cxd4 4. Nxd4 a6 5. c4 Nf6 6. Nc3 Qc7 7. Be2 Bb4 8. Qd3
b6 9. f4 Bxc3+ 10. bxc3 d6 11. Ba3 Nbd7 12. Nxe6 fxe6 13. Bxd6 Qc6 14. e5 Ne4
15. Bf3 Bb7 16. O-O O-O-O 17. Rfe1 Nec5 18. Qe3 Qa4 19. Rab1 Qxc4 20. Rb4 Qd3
21. Bxb7+ Kxb7 22. Bxc5 Nxc5 23. Qxc5 b5 24. Qe7+ Rd7 25. Qxe6 Rc8 26. a4 Rxc3
27. axb5 axb5 28. Rbe4 h5 29. R4e3 Qd2 30. Qxd7+ Qxd7 31. Rxc3 Qd4+ 32. Ree3 b4
33. Rcd3 Qxf4 34. e6 Qf6 35. e7 Qa1+ 36. Kf2 Qb2+ 37. Kg3 h4+ 38. Kh3 Qf6 39.
e8=Q Qf5+ 40. Kxh4 g5+ 41. Kh5 1-0

[Event "Oberhausener SV 1 - SV Kamen 1"]
[Site "NRW-Klasse, Gruppe 1 2014/201"]
[Date "2014.11.16"]
[Round "3.5"]
[White "Georg, Heinz"]
[Black "Soehnchen, Andreas"]
[Result "0-1"]
[WhiteElo "2160"]
[BlackElo "2134"]
[PlyCount "88"]
[EventDate "2014.??.??"]
[WhiteTeam "SV Kamen 1"]
[BlackTeam "Oberhausener SV 1"]

1. e4 c6 2. d4 d5 3. exd5 cxd5 4. c4 Nf6 5. Nc3 Nc6 6. Bg5 Ne4 7. Nxe4 dxe4 8.
d5 Ne5 9. Qd4 f6 10. Qxe4 Qb6 11. Be3 Qxb2 12. Qd4 Qxd4 13. Bxd4 e6 14. f4 Bb4+
15. Kf2 Ng4+ 16. Kg3 e5 17. fxe5 fxe5 18. h3 exd4 19. hxg4 Bd6+ 20. Kh4 g5+ 21.
Kh5 Bd7 22. Re1+ Kf7 23. Bd3 Rag8 24. Nh3 h6 25. Rhf1+ Kg7 26. Bg6 Rf8 27. Ng1
Rxf1 28. Rxf1 Rf8 29. Rxf8 Bxf8 30. Nf3 d3 31. Nxg5 d2 32. Bc2 Be8+ 33. Kh4 Be7
34. Kg3 hxg5 35. Kf3 Bg6 36. Bd1 Kf6 37. Ke3 Bb4 38. Kd4 b6 39. a4 a5 40. Bb3
Bc5+ 41. Kc3 Be3 42. Bd1 Ke5 43. g3 Bc5 44. Kxd2 Kd4 0-1

[Event "Oberhausener SV 1 - SV Kamen 1"]
[Site "NRW-Klasse, Gruppe 1 2014/201"]
[Date "2014.11.16"]
[Round "3.6"]
[White "Nissen, Claus"]
[Black "Huckebrink, Chris"]
[Result "1-0"]
[WhiteElo "2114"]
[BlackElo "2053"]
[PlyCount "45"]
[EventDate "2014.??.??"]
[WhiteTeam "Oberhausener SV 1"]
[BlackTeam "SV Kamen 1"]

1. e3 c5 2. a3 g6 3. c4 Bg7 4. Nc3 Nc6 5. f4 d6 6. Nf3 Nf6 7. Be2 O-O 8. O-O d5
9. cxd5 Nxd5 10. Qb3 Nc7 11. d3 b6 12. Qc2 e5 13. fxe5 Nxe5 14. Nxe5 Bxe5 15.
Bf3 Ba6 16. Rd1 Rc8 17. Qa4 Qd6 18. Qh4 Bxc3 19. bxc3 Bxd3 20. c4 Qe5 21. Ra2
Qc3 22. Bb2 Qxc4 23. Qf6 1-0

[Event "Oberhausener SV 1 - SV Kamen 1"]
[Site "NRW-Klasse, Gruppe 1 2014/201"]
[Date "2014.11.16"]
[Round "3.7"]
[White "Seepe, Udo"]
[Black "Ciornei, Dragos"]
[Result "1/2-1/2"]
[WhiteElo "2053"]
[BlackElo "2081"]
[PlyCount "26"]
[EventDate "2014.??.??"]
[WhiteTeam "SV Kamen 1"]
[BlackTeam "Oberhausener SV 1"]

1. Nf3 Nf6 2. g3 g6 3. Bg2 Bg7 4. O-O O-O 5. d3 d6 6. a4 a5 7. c3 e5 8. e4 Nbd7
9. Na3 b6 10. Qc2 Bb7 11. Re1 Re8 12. Nc4 Nf8 13. Bd2 Qd7 1/2-1/2

[Event "Oberhausener SV 1 - SV Kamen 1"]
[Site "NRW-Klasse, Gruppe 1 2014/201"]
[Date "2014.11.16"]
[Round "3.8"]
[White "Voge, Andreas"]
[Black "Neumann, Carsten"]
[Result "1/2-1/2"]
[WhiteElo "2076"]
[BlackElo "2010"]
[Annotator "Hausrath,Daniel"]
[PlyCount "83"]
[EventDate "2014.??.??"]
[WhiteTeam "Oberhausener SV 1"]
[BlackTeam "SV Kamen 1"]

1. e4 g6 2. f4 Bg7 3. Nc3 d6 4. Nf3 e5 5. Bc4 Be6 6. Bxe6 fxe6 7. fxe5 dxe5 8.
O-O Nf6 9. d3 O-O 10. Bg5 Nc6 11. Qe1 Qd6 12. Qh4 Nh5 13. Rf2 Rf7 14. Raf1 Raf8
15. Ne2 Nf4 16. Bxf4 exf4 17. Ng5 Bf6 18. Nxf7 Bxh4 19. Nxd6 Bxf2+ 20. Rxf2
cxd6 21. Nxf4 Nd4 22. c3 Rxf4 23. cxd4 Rxf2 24. Kxf2 d5 $11 25. h4 Kf7 26. g4
h6 27. g5 hxg5 28. hxg5 Ke7 29. Ke3 Kd7 30. Kd2 Kc6 31. Kc3 Kc7 32. Kb4 Kb6 33.
b3 a6 34. Ka4 Ka7 35. b4 Kb6 36. a3 Ka7 37. b5 Kb6 38. bxa6 bxa6 39. Kb4 a5+
40. Kc3 Kc6 41. Kd2 Kc7 42. Ke3 1/2-1/2

[Event "SV Erkenschwick 1 - SC Hansa Dortmund 2"]
[Site "NRW-Klasse, Gruppe 1 2014/201"]
[Date "2014.11.16"]
[Round "3.1"]
[White "Schmittdiel, Eckhard"]
[Black "Bitalzadeh, Ali"]
[Result "1/2-1/2"]
[WhiteElo "2447"]
[BlackElo "2357"]
[PlyCount "109"]
[EventDate "2014.??.??"]
[WhiteTeam "SC Hansa Dortmund 2"]
[BlackTeam "SV Erkenschwick 1"]

1. e4 c5 2. c3 g6 3. Nf3 Bg7 4. d4 cxd4 5. cxd4 d5 6. exd5 Nf6 7. Nc3 Nxd5 8.
Bc4 Nxc3 9. bxc3 O-O 10. O-O Qc7 11. Qe2 Bg4 12. Bd2 Bxf3 13. gxf3 Nc6 14. Rac1
Rfd8 15. f4 e6 16. Be3 Ne7 17. Bb3 Bh6 18. Qf3 Nd5 19. c4 Ne7 20. d5 Qd7 21.
Rfd1 exd5 22. cxd5 Nf5 23. Rc2 Nh4 24. Qg3 Nf5 25. Qh3 Bf8 26. Bc5 Bxc5 27.
Rxc5 Qd6 28. Rc4 b5 29. Re4 Re8 30. Qd3 Rxe4 31. Qxe4 Rc8 32. Qe5 a5 33. Rd3
Rc1+ 34. Bd1 b4 35. Kg2 Rc4 36. Kf3 Qd7 37. d6 Qc6+ 38. Qd5 Nxd6 39. Qxc6 Rxc6
40. Rd5 Rc3+ 41. Kg2 Nc4 42. Bb3 Kg7 43. Rb5 h5 44. h3 h4 45. f5 Nb2 46. fxg6
fxg6 47. Rxa5 Nd3 48. Kf3 Kh6 49. Rb5 g5 50. Rb6+ Kg7 51. Kg4 Rc5 52. Kh5 Nf4+
53. Kg4 Nd3 54. Kh5 Nf4+ 55. Kg4 1/2-1/2

[Event "SV Erkenschwick 1 - SC Hansa Dortmund 2"]
[Site "NRW-Klasse, Gruppe 1 2014/201"]
[Date "2014.11.16"]
[Round "3.2"]
[White "Erwich, Marc"]
[Black "Mainka, Romuald"]
[Result "1/2-1/2"]
[WhiteElo "2323"]
[BlackElo "2346"]
[Annotator "Hausrath,Daniel"]
[PlyCount "87"]
[EventDate "2014.??.??"]
[WhiteTeam "SV Erkenschwick 1"]
[BlackTeam "SC Hansa Dortmund 2"]

1. e4 c5 2. Nf3 e6 3. d4 cxd4 4. Nxd4 Nc6 5. Nc3 Qc7 6. g3 a6 7. Bg2 Nf6 8. O-O
Be7 9. Nxc6 bxc6 10. f4 d5 11. e5 Nd7 12. Na4 a5 13. Be3 Ba6 14. Re1 O-O 15. a3
Rad8 16. b3 c5 17. Bf2 c4 18. Bd4 g6 19. Qd2 Rb8 20. Reb1 Bb5 21. Nc3 cxb3 22.
cxb3 Bc6 23. Bf1 Bc5 24. Bxc5 Nxc5 25. b4 Ne4 26. Nxe4 dxe4 27. Qe3 axb4 28.
axb4 Bb5 $11 29. Qc5 Qd7 30. Rd1 Bd3 31. Ra7 Qb5 32. Bxd3 exd3 33. Qxb5 Rxb5
34. Rxd3 Rxb4 35. Kg2 Rb2+ 36. Kh3 h5 37. Rdd7 Rbb8 38. Kh4 Rbd8 39. Re7 Rde8
40. Reb7 Rb8 41. Re7 Rbe8 42. Kg5 Rxe7 43. Rxe7 Kg7 44. h3 1/2-1/2

[Event "SV Erkenschwick 1 - SC Hansa Dortmund 2"]
[Site "NRW-Klasse, Gruppe 1 2014/201"]
[Date "2014.11.16"]
[Round "3.3"]
[White "Zelbel, Patrick"]
[Black "Van Beek, Alexander"]
[Result "1-0"]
[WhiteElo "2404"]
[BlackElo "2336"]
[PlyCount "95"]
[EventDate "2014.??.??"]
[WhiteTeam "SC Hansa Dortmund 2"]
[BlackTeam "SV Erkenschwick 1"]

1. e4 e5 2. Nf3 Nc6 3. Bc4 Nf6 4. Ng5 d5 5. exd5 Na5 6. Bb5+ c6 7. dxc6 bxc6 8.
Bd3 Ng4 9. Ne4 f5 10. Be2 h5 11. h3 fxe4 12. hxg4 Bc5 13. b4 Qd4 14. bxc5 O-O
15. O-O Qxa1 16. Nc3 e3 17. gxh5 exf2+ 18. Rxf2 Rxf2 19. Kxf2 Be6 20. Ba3 Rf8+
21. Ke1 Qxd1+ 22. Bxd1 Nc4 23. Bc1 e4 24. Be2 Ne5 25. Nxe4 Bg4 26. d4 Bxe2 27.
Kxe2 Ng4 28. c4 Rf5 29. Bg5 Kf8 30. a4 a5 31. g3 Nh2 32. h6 gxh6 33. Bxh6+ Ke7
34. Bf4 Ng4 35. Kf3 Nh2+ 36. Kg2 Ng4 37. Kh3 Nh6 38. Kh4 Ng8 39. Kg4 Rf7 40. d5
Kd7 41. Kg5 Ne7 42. d6 Ng8 43. Kg6 Ke8 44. Bd2 Rb7 45. g4 Ra7 46. g5 Kf8 47.
Bc3 Ke8 48. Nd2 1-0

[Event "SV Erkenschwick 1 - SC Hansa Dortmund 2"]
[Site "NRW-Klasse, Gruppe 1 2014/201"]
[Date "2014.11.16"]
[Round "3.4"]
[White "Erwich, Frank"]
[Black "Kotter, Ralf"]
[Result "1-0"]
[WhiteElo "2290"]
[BlackElo "2273"]
[PlyCount "85"]
[EventDate "2014.??.??"]
[WhiteTeam "SV Erkenschwick 1"]
[BlackTeam "SC Hansa Dortmund 2"]

1. e4 c5 2. Nf3 e6 3. c4 a6 4. Be2 Qc7 5. O-O d6 6. d4 cxd4 7. Nxd4 Nf6 8. Nc3
Be7 9. Be3 b6 10. Qd2 Bb7 11. f3 Nbd7 12. a4 O-O 13. a5 Rab8 14. axb6 Nxb6 15.
Rfc1 Rfd8 16. b4 Rbc8 17. b5 a5 18. Nb3 Ra8 19. Nd5 Nbxd5 20. cxd5 Qb8 21. dxe6
fxe6 22. Nxa5 d5 23. e5 Nd7 24. Bd4 Rc8 25. Rxc8+ Qxc8 26. Rc1 Qb8 27. f4 Bd8
28. Nc6 Bxc6 29. bxc6 Nf8 30. Qc2 Bc7 31. Rb1 Qd8 32. Bd3 Rb8 33. Rb7 Rxb7 34.
cxb7 Bb6 35. Qb2 Bxd4+ 36. Qxd4 Nd7 37. f5 Kf7 38. fxe6+ Kxe6 39. Qg4+ Kxe5 40.
Qxd7 Qxd7 41. b8=Q+ Kd4 42. Bxh7 Kc4 43. Bc2 1-0

[Event "SV Erkenschwick 1 - SC Hansa Dortmund 2"]
[Site "NRW-Klasse, Gruppe 1 2014/201"]
[Date "2014.11.16"]
[Round "3.5"]
[White "Karger, Frank"]
[Black "Homs, Guust"]
[Result "0-1"]
[WhiteElo "2271"]
[BlackElo "2162"]
[Annotator "Hausrath,Daniel"]
[PlyCount "102"]
[EventDate "2014.??.??"]
[WhiteTeam "SC Hansa Dortmund 2"]
[BlackTeam "SV Erkenschwick 1"]

1. d4 d5 2. c4 e6 3. Nc3 Nf6 4. Bg5 Nbd7 5. e3 Be7 6. Nf3 O-O 7. Qc2 a6 8. c5
c6 9. b4 a5 10. b5 e5 11. bxc6 bxc6 12. dxe5 Ng4 13. Bf4 f6 14. exf6 Bxf6 15.
Rc1 Re8 16. Be2 Nxc5 17. Nxd5 cxd5 18. Qxc5 Be7 19. Qd4 Bb4+ 20. Kf1 Bb7 21. h3
Re4 22. Qb2 Nxf2 23. Rc7 d4 24. Kxf2 Rxf4 25. Rxb7 dxe3+ 26. Kg1 Qf8 27. g3 Rf6
28. Kg2 Rd8 29. Rd1 Rxd1 30. Bxd1 Qd6 31. Qb3+ Kh8 32. Qc2 Rf8 33. Be2 Bc5 34.
Qc3 Rg8 35. Qc4 Rf8 36. Qc3 Rg8 37. Ng5 Qd5+ 38. Nf3 Qxb7 39. Qxc5 Qb2 40. Qxe3
Qxa2 41. Qe4 Rd8 $11 42. Qe7 Rc8 43. h4 h6 44. Kh3 Qb1 45. Qd7 Rf8 46. g4 Qe4
47. Qd1 a4 48. h5 Qe3 49. Kg2 a3 50. Qc2 Re8 51. Kf1 Qxe2+ 0-1

[Event "SV Erkenschwick 1 - SC Hansa Dortmund 2"]
[Site "NRW-Klasse, Gruppe 1 2014/201"]
[Date "2014.11.16"]
[Round "3.6"]
[White "Van Zutphen, Jimmy"]
[Black "Berndt, Joachim"]
[Result "1/2-1/2"]
[WhiteElo "2164"]
[BlackElo "2068"]
[PlyCount "114"]
[EventDate "2014.??.??"]
[WhiteTeam "SV Erkenschwick 1"]
[BlackTeam "SC Hansa Dortmund 2"]

1. d4 g6 2. Bf4 Bg7 3. e3 d6 4. Nf3 Nd7 5. Be2 e5 6. Bg5 f6 7. Bh4 Nh6 8. O-O
O-O 9. c4 Nf5 10. Bg3 Qe7 11. Nc3 Nxg3 12. hxg3 f5 13. Qb3 c6 14. Rad1 Kh8 15.
dxe5 dxe5 16. Rd2 g5 17. Rfd1 g4 18. Nh2 h5 19. Qc2 Nf6 20. Rd6 Be6 21. Qd2 e4
22. Qc2 Ne8 23. R6d2 Be5 24. Bf1 Nf6 25. Ne2 Rf7 26. Nf4 Rg8 27. Rd8 Bxf4 28.
Rxg8+ Kxg8 29. exf4 Qc5 30. Qc3 Kg7 31. b4 Qf8 32. Be2 Rd7 33. Rxd7+ Bxd7 34.
Nf1 Kg6 35. Ne3 Qd6 36. c5 Qe7 37. Qd4 Be6 38. Qe5 Qd7 39. Bc4 Bxc4 40. Nxc4 h4
41. Nd6 hxg3 42. fxg3 b6 43. a3 bxc5 44. bxc5 Nd5 45. a4 Nc7 46. Qh8 Ne6 47.
Nxf5 Kxf5 48. Qe5+ Kg6 49. f5+ Kf7 50. fxe6+ Qxe6 51. Qh5+ Kf6 52. Qh6+ Ke5 53.
Qe3 Kd5 54. Qb3+ Ke5 55. Qc3+ Kd5 56. Qb3+ Ke5 57. Qc3+ Kd5 1/2-1/2

[Event "SV Erkenschwick 1 - SC Hansa Dortmund 2"]
[Site "NRW-Klasse, Gruppe 1 2014/201"]
[Date "2014.11.16"]
[Round "3.7"]
[White "Prueske, Wolfgang"]
[Black "Krings, Christoph"]
[Result "0-1"]
[WhiteElo "2055"]
[BlackElo "2093"]
[PlyCount "58"]
[EventDate "2014.??.??"]
[WhiteTeam "SC Hansa Dortmund 2"]
[BlackTeam "SV Erkenschwick 1"]

1. e4 e6 2. d4 d5 3. Nc3 Nf6 4. e5 Nfd7 5. Nce2 c5 6. c3 Nc6 7. f4 a5 8. Nf3
Be7 9. g3 O-O 10. Bh3 a4 11. O-O cxd4 12. cxd4 Nb6 13. Rf2 Nc4 14. Nc3 Qa5 15.
Bf1 a3 16. Bxc4 dxc4 17. Nb1 axb2 18. Bxb2 b5 19. a3 Rd8 20. Qc1 Qb6 21. Nbd2
Bb7 22. a4 Nxd4 23. Nxd4 Rxd4 24. axb5 Rxa1 25. Bxa1 Rd3 26. Nxc4 Qxb5 27. Kf1
Rb3 28. Rb2 Rxb2 29. Bxb2 Bd5 0-1

[Event "SV Erkenschwick 1 - SC Hansa Dortmund 2"]
[Site "NRW-Klasse, Gruppe 1 2014/201"]
[Date "2014.11.16"]
[Round "3.8"]
[White "Strozewski, Frank"]
[Black "Rempel, Eugen"]
[Result "1-0"]
[WhiteElo "1941"]
[BlackElo "2148"]
[PlyCount "119"]
[EventDate "2014.??.??"]
[WhiteTeam "SV Erkenschwick 1"]
[BlackTeam "SC Hansa Dortmund 2"]

1. c4 Nf6 2. Nc3 c6 3. d4 d5 4. cxd5 cxd5 5. Bf4 Nc6 6. e3 Qb6 7. Bd3 Bg4 8.
Nge2 Rc8 9. O-O e6 10. a3 Be7 11. Na4 Qd8 12. b4 Nh5 13. Bg3 Nxg3 14. hxg3 a5
15. b5 Na7 16. Qb3 O-O 17. Rac1 Qe8 18. Rxc8 Nxc8 19. Rc1 Nd6 20. Nec3 Nc4 21.
Bxc4 dxc4 22. Qb2 Bd6 23. f4 Qe7 24. Nb1 Qe8 25. Nac3 Qe7 26. Ne4 Rc8 27. Nxd6
Qxd6 28. Nd2 Qd5 29. a4 e5 30. fxe5 Bf5 31. Qc3 b6 32. Kf2 h6 33. Rh1 Be4 34.
Rh4 Bd3 35. e4 Qb7 36. d5 Qe7 37. d6 Qb7 38. Ke3 Kh7 39. Nf3 Bf1 40. Ne1 Qd7
41. Rf4 Bd3 42. Nxd3 cxd3 43. Rxf7 Qg4 44. Qxd3 Qxg3+ 45. Kd4 Qxg2 46. Rc7 Qg1+
47. Qe3 Qd1+ 48. Kc3 Rf8 49. Kb2 Qxa4 50. Rc3 Qxb5+ 51. Kc2 Rf1 52. Rb3 Qc4+
53. Kb2 a4 54. Rc3 Qb4+ 55. Ka2 Rb1 56. Qf2 Qxe4 57. Qc2 Qxc2+ 58. Rxc2 Rd1 59.
Rc6 Kg6 60. e6 1-0

[Event "SV Letmathe 1 - Elberfelder SG 1"]
[Site "NRW-Klasse, Gruppe 1 2014/201"]
[Date "2014.12.14"]
[Round "4.1"]
[White "Odendahl, Reiner"]
[Black "Podzielny, Karl-Heinz"]
[Result "0-1"]
[WhiteElo "2273"]
[BlackElo "2442"]
[PlyCount "41"]
[EventDate "2014.??.??"]
[WhiteTeam "Elberfelder SG 1"]
[BlackTeam "SV Letmathe 1"]

1. Nf3 Nf6 2. c4 g6 3. g3 Bg7 4. Bg2 O-O 5. O-O d6 6. d4 c6 7. Nc3 Qa5 8. e4
Bg4 9. h3 Bxf3 10. Bxf3 Nfd7 11. Be3 Qb4 12. Qd3 Nb6 13. Be2 N8d7 14. Bd2 Qxb2
15. Rfb1 Qa3 16. Rb3 Qa6 17. Nb5 Rfc8 18. Bg4 cxb5 19. cxb5 Qa4 20. Be3 Qc4 21.
Qd1 0-1